Thames' desalination plant enters choppy waters (Record no. 77366)

MARC details
000 -LEADER
fixed length control field 00991cab a2200193 4500
001 - CONTROL NUMBER
control field ##L134088
008 - FIXED-LENGTH DATA ELEMENTS--GENERAL INFORMATION
fixed length control field 060710n2006 000 0 eng u
035 ## - SYSTEM CONTROL NUMBER
System control number (Sirsi) u134088
041 0# - LANGUAGE CODE
Language code of text/sound track or separate title eng
100 1# - MAIN ENTRY--PERSONAL NAME
Personal name Mylius, Andrew
245 00 - TITLE STATEMENT
Title Thames' desalination plant enters choppy waters
260 ## - PUBLICATION, DISTRIBUTION, ETC.
Date of publication, distribution, etc. 2006
490 #0 - SERIES STATEMENT
Series statement New Civil Engineer
Volume/sequential designation (1629) 29 June 2006, 14-15(2)
520 ## - SUMMARY, ETC.
Summary, etc. Looks at Thames Water's proposals to build a desalination plant on the Thames estuary, which would use a reverse osmosis process. The plant is being opposed by the Mayor of London, Ken Livingstone, who argues that the company should instead curb leakages, harvest rainwater, and look at the reuse and purification of outflow from wastewater treatment plants. There are also concerns that the plant will contribute to global warming. Contains graphs, maps and tables.
590 ## - LOCAL NOTE (RLIN)
Local note IKA180706
651 #4 - SUBJECT ADDED ENTRY--GEOGRAPHIC NAME
Geographic name LONDON
690 ## - LOCAL SUBJECT ADDED ENTRY--TOPICAL TERM (OCLC, RLIN)
Topical term or geographic name as entry element ENVIRONMENTAL AND LAND CONSULTANCY-WATER RESOURCE MANAGEMENT
942 ## - ADDED ENTRY ELEMENTS (KOHA)
Suppress in OPAC 0
Holdings
Withdrawn status Lost status Source of classification or shelving scheme Damaged status Not for loan Home library Current library Shelving location Date acquired Total Checkouts Full call number Barcode Date last seen Copy number Price effective from Koha item type
    Dewey Decimal Classification     London London Journal article 10/07/2006   L134088 134088-1001 06/08/2019 1 06/08/2019 Journal article